000 00650nam a2200181 a 4500
001 001029932
003 AM-YeHGA
005 20250618074310.0
008 140710s1984 r 000 0 rus d
040 _aAM-YeHGA
041 0 _arus
245 0 0 _aПалех :
_bИскусство древней традиции : Альбом /
_cАвт. и сост. М.А. Некрасова.
260 _aМосква :
_bСовесткий художник,
_c1984.
300 _a88 с. :
_bил.
650 1 4 _aИскусство
_95446
700 1 _aНекрасова, Мария Александровна
_eсост.
_4com
_eавт.
_4aut
090 _c339701
999 _c337922
_d337922